Les 34 Villes des Yvelines ayant les plus hauts revenus - Statistiques

Statistiques générales
  • Ce quiz a été pris 13 fois
  • Le résultat moyen est 13 sur 34
Statistiques - réponses
Rang Revenu Commune % Correct
20 38 530 Versailles
100%
24 37 970 St Germain en Laye
75%
34 35 280 Le Pecq
58%
2 49 120 Le Vésinet
58%
32 35 970 Marly le Roi
58%
10 42 340 Orgeval
58%
25 37 270 Carrières sur Seine
50%
22 38 150 Chatou
50%
15 40 770 Jouy en Josas
50%
23 37 990 Le Chesnay Rocquencourt
50%
13 41 040 Viroflay
50%
31 36 010 Bougival
42%
19 39 130 Buc
42%
7 43 350 Croissy sur Seine
42%
14 41 000 Louveciennes
42%
11 41 610 Noisy le Roi
42%
1 50 940 St Nom la Bretèche
42%
16 40 110 Voisins le Bretonneux
42%
9 42 520 Maisons Laffitte
33%
18 39 720 St Remy les Chevreuse
33%
6 43 480 Bailly
25%
30 36 350 Chambourcy
25%
21 38 400 Chevreuse
25%
3 47 730 Feucherolles
25%
5 43 970 Mareil Marly
25%
29 36 630 Montesson
25%
8 42 710 Villennes sur Seine
25%
4 45 540 L'Etang la Ville
17%
12 41 210 Morainvilliers
17%
27 36 830 Neauphle le Chateau
17%
26 37 060 Jouars Pontchartrain
8%
17 39 890 Le Mesnil le Roi
8%
28 36 770 Le Mesnil St Denis
8%
33 35 950 Villiers St Frédéric
8%
Aucun quiz correspondant
Distribution des résultats
% des personnes avec chaque résultat
Percentile par nombre de réponses
Votre historique - résultats
Vous n’avez pas pris ce quiz